Experiments In Food Process Engineering / (Record no. 9663)
[ view plain ]
| 000 -LEADER | |
|---|---|
| fixed length control field | 00717nac a22002171u 4500 |
| 020 ## - INTERNATIONAL STANDARD BOOK NUMBER | |
| International Standard Book Number | 8123910630 |
| 082 ## - DEWEY DECIMAL CLASSIFICATION NUMBER | |
| Classification number | 664 |
| Item number | PAN |
| 090 ## - LOCALLY ASSIGNED LC-TYPE CALL NUMBER (OCLC); LOCAL CALL NUMBER (OCLC) | |
| -- | 9663 |
| -- | 9663 |
| 100 ## - MAIN ENTRY--PERSONAL NAME | |
| Personal name | Pandey, H. |
| 245 ## - TITLE STATEMENT | |
| Title | Experiments In Food Process Engineering / |
| Statement of responsibility, etc | H. Pandey ...[et.al.] |
| 260 ## - PUBLICATION, DISTRIBUTION, ETC. (IMPRINT) | |
| Place of publication, distribution, etc | New Delhi: |
| Name of publisher, distributor, etc | CBS Publishers,c.2004. |
| Date of publication, distribution, etc | c.2004. |
| 500 ## - GENERAL NOTE | |
| General note | Distributer:Al-Ahram. |
| 511 ## - PARTICIPANT OR PERFORMER NOTE | |
| Participant or performer note | Catalogued By: Mahitab. |
| 650 ## - SUBJECT ADDED ENTRY--TOPICAL TERM | |
| Topical term or geographic name as entry element | Food industry and trade --Technological innovations. |
| 650 ## - SUBJECT ADDED ENTRY--TOPICAL TERM | |
| Topical term or geographic name as entry element | Food processing plants --Technological innovations. |
| 700 ## - ADDED ENTRY--PERSONAL NAME | |
| Personal name | Sharma, H.K. |
| 700 ## - ADDED ENTRY--PERSONAL NAME | |
| Personal name | Chauhan, R.C. |
| 700 ## - ADDED ENTRY--PERSONAL NAME | |
| Personal name | Sarkar, B.C. |
| 700 ## - ADDED ENTRY--PERSONAL NAME | |
| Personal name | Bera, M.B. |
| 942 ## - ADDED ENTRY ELEMENTS (KOHA) | |
| Item type | Book - Borrowing |
| Call number prefix | 664PAN |
| Withdrawn status | Item status | Damaged status | Not for loan | Home library | Current library | Shelving location | Date acquired | Source of acquisition | Total Checkouts | Full call number | Barcode | Date last seen | Cost, replacement price | Koha item type |
|---|---|---|---|---|---|---|---|---|---|---|---|---|---|---|
| Central Library | Central Library | First floor | 27/05/2008 | Purchase | 664PAN | 000011714 | 15/07/2025 | 118.00 | Book - Borrowing |